| 000 | 00470nam a22001811a 4500 | ||
|---|---|---|---|
| 001 | 1705 | ||
| 003 | OSt | ||
| 005 | 20260204211744.0 | ||
| 008 | 040120s1999||||dr ||||||b||||||||||spa|| | ||
| 050 | _aRD 370 R299l | ||
| 082 | _aRD 370 R299l | ||
| 111 | _aRepública Dominicana | ||
| 245 | _aLey de educación #66-97 | ||
| 264 | _aSanto Domingo : SEEC | ||
| 300 | _a77 p. | ||
| 650 | _a1.Educación 2.Ley 66-97 Santo Domingo 3.Educación - Ley 66-97Ì | ||
| 942 |
_2ddc _cBK |
||
| 999 |
_c1705 _d1705 |
||